000 00784nam a2200265Ia 4500
003 OSt
005 20220918204328.0
006 a|||||r|||| 00| 0
007 ta
008 220917b |||||||| |||| 00| 0 eng d
024 _a112,134
037 _cTextual
040 _aARTS
_cARTS
_beng
041 _2eng
_aeng
082 _aV55.9B:19(zQ).N8, M5
100 _aMc Adams A James
_9111580
245 0 _aEast Germany and Detente
_b Building authority after the wall
260 _aCambridge
_bCambridge University Press
_c1985
300 _axi, 233p.
_ccm.
490 _aSoviet and east European studies
500 _aBibliography p220-227
650 _aHISTORY
942 _hV55.9B:19(zQ).N8, M5
_cTEXL
_2CC
999 _c235483
_d235483